Fictional Characters With Names Ending in O - Statistics

General Stats
  • This quiz has been taken 218 times
  • The average score is 19 of 26
Answer Stats
Debut Hint Character % Correct
1881 Wooden boy whose nose grows with lies Pinocchio
99%
1939 Elephant with huge ears who can fly Dumbo
98%
2003 Clownfish lost in the ocean Nemo
98%
1919 Masked swordsman who leaves a “Z” Zorro
97%
1930 Mickey Mouse’s pet dog Pluto
96%
1981 Nintendo plumber in a red cap Mario
95%
1984 Orange-masked Ninja Turtle who parties Michelangelo
95%
1954 Hobbit who carries the Ring to Mordor Frodo
92%
1984 Purple-masked Ninja Turtle with a bo staff Donatello
91%
1900 Dorothy’s little dog Toto
90%
1937 Hobbit who found the One Ring first Bilbo
89%
1984 Blue-masked leader of the Ninja Turtles Leonardo
86%
1604 Shakespeare’s tragic Moor hero Othello
86%
1980 Red furry Sesame Street character Elmo
84%
1982 Vietnam veteran from First Blood Rambo
78%
2012 Tarantino's slave turned bounty hunter Django
76%
1999 Morpheus believes he is “The One” Neo
74%
1933 Lone Ranger’s Native American companion Tonto
70%
2021 Encanto uncle we don't talk about Bruno
60%
1970 Eccentric blue Muppet with a hooked nose Gonzo
58%
1992 Jafar's wisecracking parrot in Aladdin Iago
53%
1932 Popeye’s burly rival for Olive Oyl Bluto
52%
1984 Cute mogwai from Gremlins Gizmo
43%
1949 TV clown with bright red hair Bozo
39%
1999 Orange-clad anime ninja with fox spirit Naruto
27%
1985 Leader of the ThunderCats Lion-O
24%
No matching quizzes found
Score Distribution
Percent of People with Each Score
Percentile by Number Answered
Your Score History
You have not taken this quiz